Исследование физических свойств и состава синтетических минералов и монокристаллов: сборник научных трудов

التفاصيل البيبلوغرافية
مؤلف مشترك: Академия наук СССР Сибирское отделение Институт геологии и геофизики
مؤلفون آخرون: Годовиков А. А. Александр Александрович (редактор)
اللغة:الروسية
منشور في: Новосибирск, Изд-во ИГИГ, 1981
الموضوعات:
التنسيق: MixedMaterials كتاب
KOHA link:https://koha.lib.tpu.ru/cgi-bin/koha/opac-detail.pl?biblionumber=310408

MARC

LEADER 00000nam0a2200000 4500
001 310408
005 20231102002302.0
020 |a RU  |b 82-6099 
035 |a (RuTPU)RU\TPU\book\335757 
090 |a 310408 
100 |a 20151125d1981 k y0rusy5003 ca 
101 0 |a rus 
102 |a RU 
105 |a a z 001zy 
200 1 |a Исследование физических свойств и состава синтетических минералов и монокристаллов  |e сборник научных трудов  |f Академия наук СССР, Сибирское отделение, Институт геологии и геофизики ; под ред. А. А. Годовикова 
210 |a Новосибирск  |c Изд-во ИГИГ  |d 1981 
215 |a 61 с.  |c ил. 
320 |a Библиогр. в конце ст. 
606 1 |a Минералы искусственные  |2 stltpush  |3 (RuTPU)RU\TPU\subj\44004  |9 63398 
610 1 |a выращивание 
610 1 |a получение 
610 1 |a монокристаллы 
610 1 |a физические свойства 
610 1 |a состав 
610 1 |a исследование 
675 |a 549:679.8  |z rus  |v 3 
702 1 |a Годовиков  |b А. А.  |g Александр Александрович  |4 340 
712 0 2 |a Академия наук СССР  |b Сибирское отделение  |b Институт геологии и геофизики  |c (Новосибирск)  |c (1957-1990)  |2 stltpush  |3 (RuTPU)RU\TPU\col\128  |9 23211 
801 0 |a RU  |b RuMRKP  |c 19950704  |g psbo 
801 1 |a RU  |b 63413507  |c 20151125 
801 2 |a RU  |b 63413507  |c 20190906  |g RCR 
942 |c BK